Aeroplane manufacturers - Statistics

General Stats
  • This quiz has been taken 357 times
    286 since last reset
  • The average score is 6 of 14
Answer Stats
Country Manufacturer % Correct
USA Boeing
99%
France Airbus
96%
Brazil Embraer
64%
Ukraine Antonov
57%
Canada Bombardier
51%
USA Lockheed Martin
45%
Russia Tupolev
38%
Netherlands Fokker
36%
USA Mc Donnell Douglas
35%
Russia Sukhoi
32%
China Comac
25%
France ATR
24%
Russia Ilyushin
22%
Russia Yakovlev/Irkut
9%
No matching quizzes found
Score Distribution
Percent of People with Each Score
Percentile by Number Answered
Your Score History
You have not taken this quiz since the last reset